000 00634nam a2200169 i 4500
001 143261
003 ES-MaACL
005 20250726063035.0
007 t|
008 070214s1933 sp r ||||1| spa d
100 1 _aSemprún y Gurrea, José María,
_d1893-1966
_9105424
245 1 0 _aSentido funcional del derecho de propiedad, como caso concreto del que corresponde todo derecho :
_bcon un ensayo de representación matemática : tesis aprobada ... /
_cJosé María Semprún y Gurrea.
260 _aMadrid :
_bLuz y Vida,
_c1933.
300 _a371 p. ;
_c19 cm.
852 _aES-MaACL
_jA-1710
999 _c143261
_d143261